[Event "AUTO-OPEN-201"]
[Site "http://www.queenalice.com/game.php?id=46368"]
[Date "2006.1.4"]
[Round "1"]
[White "eddie_guerrero"]
[Black "Francisco"]
[Result "0-1"]
[WhiteElo "1391"]
[BlackElo "1951"]

1. e4 c6 2. Nf3 d5 3. Qe2 dxe4 4. Qxe4 Nf6 5. Qd3 Nbd7 6. Qc4 e6 7. Bd3 h6 8.
O-O Bd6 9. Nc3 Ne5 10. Nxe5 Bxe5 11. h3 O-O 12. b3 Bc7 13. Ba3 Re8 14. Ne4 e5
15. g4 Be6 16. Qc3 Nxe4 17. Bxe4 Bd5 18. Bxd5 cxd5 19. d4 f6 20. dxe5 Bxe5 21.
Qd3 Bxa1 22. Rxa1 Qd7 23. Kf1 Qc6 24. c4 dxc4 25. Qxc4+ Qxc4+ 26. bxc4 b6 27. f3
Re3 28. Bc1 Rxf3+ 29. Kg2 Rc3 30. a3 Rxc4 31. Kg3 Rc3+ 32. Kh4 g5+ 33. Kh5 Kg7
34. h4 Rh3 35. Bxg5 fxg5 0-1

[Event "AUTO-OPEN-201"]
[Site "http://www.queenalice.com/game.php?id=46369"]
[Date "2006.1.4"]
[Round "1"]
[White "Francisco"]
[Black "eddie_guerrero"]
[Result "1-0"]
[WhiteElo "1918"]
[BlackElo "1425"]

1. e4 e5 2. Nf3 Bd6 3. d4 exd4 4. Nxd4 Qh4 5. Bd3 Nf6 6. Nf5 Qh5 7. Nxg7+ Kf8 8.
Nxh5 Nxh5 9. Qxh5 Nc6 10. Bh6+ Ke8 11. Bg7 Rg8 12. Qxh7 Rxg7 13. Qxg7 b6 14. h4
Bb4+ 15. c3 Bf8 16. Qg8 Ne7 17. Qg5 c6 18. h5 d6 19. h6 Bd7 20. h7 Ng6 21. h8=Q
Nxh8 22. Rxh8 Rd8 23. Rxf8+ Kxf8 24. Qxd8+ Be8 25. Nd2 d5 26. O-O-O 1-0

[Event "AUTO-OPEN-201"]
[Site "http://www.queenalice.com/game.php?id=46370"]
[Date "2006.1.4"]
[Round "1"]
[White "eddie_guerrero"]
[Black "Renatov"]
[Result "1-0"]
[WhiteElo "1391"]
[BlackElo "1846"]

1. e4 e5 2. Nf3 Nf6 3. Nxe5 d6 4. Nc4 Nxe4 5. Qe2 Qe7 6. d3 Nf6 7. Qxe7+ Bxe7 8.
Nc3 Be6 9. Be2 Nbd7 10. O-O O-O 11. Bg5 Rfe8 12. Bxf6 Bxf6 13. Bf3 Rab8 14. Ne4
Bxc4 15. dxc4 Bxb2 16. Rab1 Be5 17. Ng5 h6 18. Ne4 Nf6 19. Nxf6+ Bxf6 20. h3 c6
21. a4 Re7 22. a5 Rc7 23. a6 b6 24. Rfe1 d5 25. cxd5 cxd5 26. Bxd5 Rxc2 27. Rbc1
Rbc8 28. Rxc2 Rxc2 29. Re8+ 1-0

[Event "AUTO-OPEN-201"]
[Site "http://www.queenalice.com/game.php?id=46371"]
[Date "2006.1.4"]
[Round "1"]
[White "Renatov"]
[Black "eddie_guerrero"]
[Result "1-0"]
[WhiteElo "1844"]
[BlackElo "1464"]

1. e4 e5 2. Nf3 Nc6 3. Bb5 Bd6 4. O-O Nf6 5. Re1 O-O 6. c3 Bc5 7. d3 Ng4 8. d4
exd4 9. cxd4 Bb4 10. Nc3 a6 11. Be2 d6 12. Qc2 Qf6 13. h3 Nxd4 14. Qd3 Nxf3+ 15.
Bxf3 Ne5 16. Qe3 Nxf3+ 17. Qxf3 Bxc3 18. Qxc3 Qg6 19. f4 f5 20. b3 fxe4 21. Bb2
Kf7 22. Qc4+ Ke7 23. Qxc7+ Ke6 24. Rad1 d5 25. Rxd5 Rf7 26. Qd6# 1-0

[Event "AUTO-OPEN-201"]
[Site "http://www.queenalice.com/game.php?id=46372"]
[Date "2006.1.4"]
[Round "1"]
[White "eddie_guerrero"]
[Black "REUSKING"]
[Result "1/2-1/2"]
[WhiteElo "1391"]
[BlackElo "1826"]

1. e3 e5 2. Nf3 Nc6 3. Bb5 d6 4. a4 Bd7 5. O-O Nf6 6. d4 Be7 7. dxe5 Nxe5 8.
Nxe5 dxe5 9. Bxd7+ Qxd7 10. Qxd7+ Nxd7 11. f4 O-O 12. Nc3 Bc5 13. Nd5 Bd6 14.
fxe5 Nxe5 15. e4 c6 16. Nc3 Bc5+ 17. Kh1 Ng4 18. h3 Ne3 19. Bxe3 Bxe3 20. Rae1
Bd2 21. Rd1 Bxc3 22. bxc3 Rad8 23. Rxd8 Rxd8 24. Rb1 b6 25. c4 c5 26. g4 Rd4 27.
a5 g6 28. axb6 axb6 29. Rxb6 Rxc4 30. Rb8+ Kg7 31. Rc8 Rxc2 32. Kg1 c4 33. h4 c3
34. h5 gxh5 35. gxh5 Re2 36. Rxc3 Rxe4 37. Kg2 Rh4 38. Rg3+ Kh6 39. Rf3 Rxh5 40.
Rxf7 Kg6 41. Rf3 Rg5+ 42. Kh3 Kh5 43. Rf7 h6 44. Rf4 Re5 45. Rh4+ Kg6 46. Kg4
Re4+ 47. Kh3 Rxh4+ 48. Kxh4 h5 49. Kg3 Kg5 50. Kh3 h4 51. Kh2 Kg4 52. Kg2 h3+
53. Kh1 Kg3 54. Kg1 h2+ 55. Kh1 Kh3 1/2-1/2

[Event "AUTO-OPEN-201"]
[Site "http://www.queenalice.com/game.php?id=46373"]
[Date "2006.1.4"]
[Round "1"]
[White "REUSKING"]
[Black "eddie_guerrero"]
[Result "1-0"]
[WhiteElo "1815"]
[BlackElo "1426"]

1. e4 e5 2. Nf3 Nf6 3. Nxe5 Nxe4 4. Qe2 d5 5. d3 Qe7 6. Nxf7 Kxf7 7. dxe4 dxe4
8. Nc3 Bf5 9. Be3 Nc6 10. O-O-O a5 11. Qc4+ Be6 12. Qxe4 Qb4 13. a3 Qxe4 14.
Nxe4 h6 15. Nc5 Bxc5 16. Bxc5 Bg4 17. Bc4+ Ke8 18. Rhe1+ Ne7 19. Rxe7+ Kf8 20.
Rxc7+ Ke8 21. Bb5+ Bd7 22. Rdxd7 Rb8 23. Rxg7+ Kd8 24. Bb6 Rf8 25. Rcf7+ Kc8 26.
Rxf8# 1-0

[Event "AUTO-ADV-128"]
[Site "http://www.queenalice.com/game.php?id=49269"]
[Date "2006.1.24"]
[Round "1"]
[White "Peppone"]
[Black "eddie_guerrero"]
[Result "1-0"]
[WhiteElo "1297"]
[BlackElo "1307"]

1. e4 Nf6 2. Nc3 d5 3. exd5 Nxd5 4. Nxd5 Be6 5. Nc3 Nc6 6. Nf3 Nb4 7. Bb5+ c6 8.
Be2 Qd7 9. O-O O-O-O 10. d3 g6 11. a3 1-0

[Event "AUTO-ADV-128"]
[Site "http://www.queenalice.com/game.php?id=49270"]
[Date "2006.1.24"]
[Round "1"]
[White "eddie_guerrero"]
[Black "Peppone"]
[Result "0-1"]
[WhiteElo "1291"]
[BlackElo "1313"]

1. e4 c5 2. Nf3 Nc6 3. Nc3 d6 4. Bc4 Nf6 5. Ng5 Ne5 6. Bb5+ Bd7 7. O-O Bxb5 8.
Nxb5 e6 9. f4 Nc6 10. c3 a6 11. Na3 Be7 12. d3 O-O 0-1

[Event "AUTO-ADV-128"]
[Site "http://www.queenalice.com/game.php?id=49283"]
[Date "2006.1.24"]
[Round "1"]
[White "FabricioMarchi"]
[Black "eddie_guerrero"]
[Result "1-0"]
[WhiteElo "1630"]
[BlackElo "1500"]

1. e4 e5 2. Nf3 Nc6 3. Bc4 d6 4. h3 Nf6 5. Ng5 Be6 6. Bxe6 fxe6 7. d3 Qe7 8. a3
h6 9. Nf3 O-O-O 10. c4 d5 11. Nc3 dxc4 12. O-O cxd3 13. Qb3 Qd6 14. Bd2 Nd4 15.
Nxd4 exd4 16. Nb5 Qb6 17. Rac1 Bd6 18. Rfe1 a6 19. Nxd6+ Qxd6 20. e5 Qd5 21.
Qxd5 exd5 22. exf6 gxf6 23. Re6 f5 24. Rf6 Rdf8 25. Rxf8+ Rxf8 26. Bxh6 Rf6 27.
Bf4 c6 28. Rd1 c5 29. Rxd3 Re6 30. Kf1 Rb6 31. Bc1 Kd7 32. Rf3 Ke6 33. h4 Rd6
34. h5 Rd7 35. h6 c4 36. Bd2 b5 37. Rh3 Rh7 38. Rh4 d3 39. Rh3 Ke5 40. Rg3 a5
41. Rg7 Rh8 42. Rb7 b4 43. axb4 axb4 44. Rxb4 f4 45. Rb6 Ke4 46. f3+ Ke5 47.
Bc3+ 1-0

[Event "AUTO-ADV-128"]
[Site "http://www.queenalice.com/game.php?id=49284"]
[Date "2006.1.24"]
[Round "1"]
[White "eddie_guerrero"]
[Black "FabricioMarchi"]
[Result "0-1"]
[WhiteElo "1455"]
[BlackElo "1653"]

1. e4 e5 2. d4 exd4 3. Qxd4 Nc6 4. Qd3 Qf6 5. Nc3 Bb4 6. a3 Bxc3+ 7. Qxc3 a6 8.
Qxf6 Nxf6 9. Bd3 O-O 10. Nf3 d5 11. exd5 Re8+ 12. Be3 Ng4 13. O-O Nce5 14. Nxe5
Nxe3 15. fxe3 Rxe5 16. e4 Bd7 17. Rf2 Rd8 18. Raf1 f6 19. Bc4 Kh8 20. Rf4 c6 21.
dxc6 Bxc6 22. Bd3 Rd4 23. Re1 Bb5 24. Bxb5 axb5 25. b4 Rc4 26. Rd1 h6 27. Rd7
Rxc2 28. Rxb7 Ra2 29. Rb8+ Kh7 30. Ra8 Rb2 31. Ra7 Rg5 32. Rf2 Rb1+ 33. Rf1
Rxf1+ 34. Kxf1 Re5 35. Rb7 f5 36. exf5 Rxf5+ 37. Kg1 Kg8 38. Ra7 Rd5 39. a4 Rd4
40. axb5 Rxb4 41. Rb7 g5 42. h3 h5 43. g3 g4 44. hxg4 Rxg4 45. Kg2 h4 46. Kh3
hxg3 47. Kxg4 g2 48. Rb8+ Kf7 49. Rb7+ Ke6 50. Rb6+ Kd5 51. Kf5 g1=Q 52. Rg6
Qf2+ 53. Kg5 Qe3+ 54. Kh5 Qe8 55. b6 Kc5 56. Kh6 Kb5 57. Kh7 Kc5 58. Rg8 Qh5+
59. Kg7 Kxb6 60. Rh8 Qg5+ 61. Kh7 Kc6 62. Rc8+ Kd6 63. Rg8 Qh5+ 64. Kg7 Ke6 65.
Rh8 Qf7+ 66. Kh6 Kf6 0-1

[Event "AUTO-ADV-128"]
[Site "http://www.queenalice.com/game.php?id=49291"]
[Date "2006.1.24"]
[Round "1"]
[White "cafa83"]
[Black "eddie_guerrero"]
[Result "1-0"]
[WhiteElo "1420"]
[BlackElo "1462"]

1. d4 e6 2. e3 Nf6 3. g3 Bb4+ 4. Bd2 Bd6 5. Bg2 Nc6 6. Bxc6 dxc6 7. Nf3 e5 8.
dxe5 Bg4 9. exd6 Qxd6 10. Nc3 O-O-O 11. O-O Bxf3 12. Qxf3 Qxd2 13. Rac1 Qd7 14.
Rcd1 Qe6 15. Rd3 c5 16. Rxd8+ Kxd8 17. Qxb7 Qb6 18. Qa8+ Kd7 19. Qxh8 Qxb2 20.
Qxg7 Qxc3 21. Qxf7+ Kc6 22. Qe6+ Kb7 23. Rb1+ Qb4 24. Rxb4+ cxb4 25. Qxf6 1-0

[Event "AUTO-ADV-128"]
[Site "http://www.queenalice.com/game.php?id=49292"]
[Date "2006.1.24"]
[Round "1"]
[White "eddie_guerrero"]
[Black "cafa83"]
[Result "0-1"]
[WhiteElo "1418"]
[BlackElo "1445"]

1. e4 e5 2. Nf3 Nc6 3. Bb5 Qf6 4. O-O Qg6 5. Bxc6 dxc6 6. Nxe5 Qe6 7. Qh5 g6 8.
Qg5 Bh6 9. Qg3 Nf6 10. d3 Bxc1 11. Rxc1 Nd7 12. d4 c5 13. c3 b6 14. Re1 f6 15.
Nxd7 Bxd7 16. dxc5 bxc5 17. Qxc7 O-O 18. Qxc5 Rac8 19. Qxa7 f5 20. f3 fxe4 21.
fxe4 Qf6 22. Na3 Rcd8 23. e5 Qg5 24. e6 Bc6 25. g3 Qd5 26. Re2 Qh1# 0-1

[Event "AUTO-ADV-130"]
[Site "http://www.queenalice.com/game.php?id=50164"]
[Date "2006.1.30"]
[Round "1"]
[White "maeaton"]
[Black "eddie_guerrero"]
[Result "1-0"]
[WhiteElo "1726"]
[BlackElo "1425"]

1. e4 e5 2. Nf3 Nc6 3. Bb5 a6 4. Bxc6 bxc6 5. Nc3 Nf6 6. d4 exd4 7. Nxd4 c5 8.
Nf3 Be7 9. e5 Ng4 10. h3 Nh6 11. Bxh6 gxh6 12. Qd2 d6 13. O-O-O Bb7 14. Qe2 dxe5
15. Rxd8+ Rxd8 16. Qxe5 Rg8 17. Nh4 Bxg2 18. Re1 Rd7 19. Nf5 Rg5 20. Qh8+ Rg8
21. Qxg8# 1-0

[Event "AUTO-ADV-130"]
[Site "http://www.queenalice.com/game.php?id=50165"]
[Date "2006.1.30"]
[Round "1"]
[White "eddie_guerrero"]
[Black "maeaton"]
[Result "0-1"]
[WhiteElo "1391"]
[BlackElo "1792"]

1. e4 c5 2. Nc3 Nc6 3. Bb5 e5 4. Nf3 d6 5. O-O a6 6. Ba4 b5 7. Nxb5 axb5 8. Bxb5
Bd7 9. d3 h6 10. c3 Nb8 11. Bc4 Nf6 12. Qb3 Qe7 13. Be3 Bc6 14. Bd5 Qa7 15.
Bxc6+ Nxc6 16. h3 Be7 17. a3 O-O 18. Qb5 Qa6 19. a4 Rfb8 20. Qxa6 Rxa6 21. g4
Nh7 22. Rfb1 Bd8 23. h4 f6 24. Kg2 Kf7 25. Nd2 Rba8 26. b3 Ba5 27. Rc1 Rb8 28.
f4 exf4 29. Bxf4 Ne5 30. Nc4 Nxc4 31. dxc4 Rxb3 32. Rab1 Rxc3 33. Rb7+ Kg8 34.
Rcb1 Nf8 35. g5 Ng6 36. Rb8+ Kh7 37. Bg3 hxg5 38. hxg5 fxg5 39. Rh1+ Nh4+ 40.
Bxh4 gxh4 41. Rxh4+ Kg6 42. Rd8 Bxd8 43. Rg4+ Kf7 0-1

[Event "AUTO-ADV-130"]
[Site "http://www.queenalice.com/game.php?id=50180"]
[Date "2006.1.30"]
[Round "1"]
[White "eddie_guerrero"]
[Black "Zorro"]
[Result "0-1"]
[WhiteElo "1317"]
[BlackElo "1468"]

1. e4 e5 2. Nf3 Nc6 3. d4 Bb4+ 4. c3 Bd6 5. Bg5 Be7 6. Bb5 a6 7. Bxe7 Ncxe7 8.
Bc4 c6 9. dxe5 Ng6 10. O-O Qe7 11. Qd4 b5 12. Bb3 Nh6 13. Nbd2 Ng4 14. h3 N4xe5
15. Nxe5 Nxe5 16. f4 O-O 17. fxe5 c5 18. Qd5 Rb8 19. Rf2 Bb7 20. Qd3 c4 21. Nxc4
bxc4 22. Qxc4 Rbc8 23. Qb4 Qxb4 24. cxb4 Bxe4 25. Raf1 d5 26. a4 Rce8 27. b5 a5
28. g4 Rxe5 29. h4 Bd3 30. Rd1 Be2 31. Rxd5 Re3 32. Rd6 Bxg4 33. Bc4 Re4 34. Bb3
Bh5 35. Rh2 h6 36. Bc2 Rg4+ 37. Kf2 Rb4 38. b3 f6 39. Bb1 Rxb3 40. Ba2 Bf7 41.
Bxb3 Bxb3 42. Ra6 Bxa4 43. Rxa5 Bb3 44. Rh1 f5 45. Rb1 Bc2 46. Rb2 Be4 47. b6 g5
48. hxg5 hxg5 49. b7 Rb8 50. Kg3 Kf7 51. Rba2 Rxb7 0-1

[Event "AUTO-ADV-130"]
[Site "http://www.queenalice.com/game.php?id=50181"]
[Date "2006.1.30"]
[Round "1"]
[White "Zorro"]
[Black "eddie_guerrero"]
[Result "0-1"]
[WhiteElo "1417"]
[BlackElo "1425"]

1. e4 e5 2. Qh5 Bd6 3. Nf3 Qe7 4. Nc3 Nf6 5. Qg5 h6 6. Qxg7 Rg8 7. Qxh6 Nc6 8.
d3 Rg6 9. Qe3 Bc5 10. Qe2 Nd4 11. Qd2 d6 12. g3 Nxf3+ 13. Ke2 Nxd2 14. Bxd2 Ng4
15. Be3 Qf6 16. Bh3 Bxe3 17. Nd5 Qxf2+ 18. Kd1 Qd2# 0-1

[Event "AUTO-ADV-130"]
[Site "http://www.queenalice.com/game.php?id=50182"]
[Date "2006.1.30"]
[Round "1"]
[White "eddie_guerrero"]
[Black "florin"]
[Result "0-1"]
[WhiteElo "1391"]
[BlackElo "1471"]

1. e4 b6 2. d3 Bb7 3. Nf3 g6 4. Nc3 Bg7 5. d4 Nh6 6. Ne5 e6 7. Be3 Bxe5 8. dxe5
O-O 9. Bxh6 Re8 10. Bb5 c6 11. Bc4 Qh4 12. Be3 b5 13. Be2 b4 14. g3 Qe7 15. Na4
Na6 16. Qd3 c5 17. c3 bxc3 18. Nxc3 Nb4 19. Qd2 Rad8 20. a3 Nc6 21. b4 Nxe5 22.
bxc5 Qf6 23. O-O Nf3+ 24. Bxf3 Qxf3 25. Qd3 e5 26. Rab1 Bc6 27. Nd5 d6 28. Nc7
Bxe4 29. Qc3 Qg2# 0-1

[Event "AUTO-ADV-130"]
[Site "http://www.queenalice.com/game.php?id=50183"]
[Date "2006.1.30"]
[Round "1"]
[White "florin"]
[Black "eddie_guerrero"]
[Result "1-0"]
[WhiteElo "1526"]
[BlackElo "1374"]

1. g3 e5 2. Bg2 Nf6 3. b3 Nc6 4. Bb2 Bb4 5. a3 Bc5 6. e3 O-O 7. Nh3 d6 8. O-O a5
9. d4 exd4 10. exd4 Bxh3 11. Bxh3 Ba7 12. Bg2 Qe7 13. Nd2 Nxd4 14. Bxd4 Bxd4 15.
Rb1 a4 16. Nf3 Bc5 17. b4 Bb6 18. Qd3 Qe4 19. Qc3 Ng4 20. Ng5 Qg6 21. Nf3 Qh5
22. h4 c5 23. bxc5 Bxc5 24. Rb5 Rab8 25. Qc4 Rfc8 26. Qxa4 Qg6 27. Nd4 Bxd4 28.
Qxd4 Rxc2 29. Be4 Qf6 30. Qxf6 Nxf6 31. Bxc2 1-0